| 000 | 00671nam a2200217 i 4500 | ||
|---|---|---|---|
| 001 | 85673 | ||
| 003 | ES-MaACL | ||
| 005 | 20250926063053.0 | ||
| 007 | t| | ||
| 008 | 041130s1982 sp ||||1| spa d | ||
| 020 | _a84-7509-171-7 | ||
| 100 | 1 |
_aJung, Carl G., _d1875-1961 _967282 |
|
| 245 | 1 | 0 |
_aConflictos del alma infantil / _cCarl G. Jung ; [traducción y notas de Ida German de Butelman]. |
| 260 |
_aBarcelona : _bPaidós, _c1982. |
||
| 300 |
_a127 p. ; _c20 cm. |
||
| 490 | 1 |
_aEducador ; _v34 |
|
| 700 | 1 |
_aGerman de Butelman, Ida. _956472 |
|
| 830 | 0 |
_aEducador ; _v34 _9231723 |
|
| 852 |
_aES-MaACL _jL-9897 _bR.111789 |
||
| 999 |
_c85673 _d85673 |
||